| 000 | 00582nam a2200181 i 4500 | ||
|---|---|---|---|
| 001 | 51457 | ||
| 003 | ES-MaACL | ||
| 005 | 20230906162351.0 | ||
| 007 | t| | ||
| 008 | 030813s1960 sp ||||1| spa d | ||
| 100 | 1 |
_aChevalier, Jacques ( _d1882-1962) _938413 |
|
| 245 | 1 | 0 |
_aConversaciones con Bergson / _cJacques Chevalier ; nota preliminar y traducción del francés por José Antonio Míguez. |
| 260 |
_aMadrid : _bAguilar, _c1960. |
||
| 300 |
_a391 p. ; _c20 cm. |
||
| 600 | 1 | 4 |
_aBergson, Henri. _928013 |
| 700 | 1 |
_aMíguez, José Antonio. _981053 |
|
| 852 |
_aES-MaACL _jC-18273 |
||
| 999 |
_c51457 _d51457 |
||